00611nam a2200193Ia 450000500170000000800410001702000220005804000190008004100120009908200170011124500860012826000410021430000290025550400500028465000140033465100380034870000210038685000100040720230522100943.0131103s9999 xx 000 0 und d a195644603cRs.575 aLoreto College aEnglish a330.954bBYR 4aThe Indian economyb major debates since independence cedited by Terence J.Byres aDelhibOxford University Pressc1998 a[5],424 p.b ill.,tables aIncludes bibliographical references and index aEconomics aIndia - Economic Development,1947 aByres,Ternce,ed. aLCLIB